| 000 | 00437nam a22001337a 4500 | ||
|---|---|---|---|
| 003 | OSt | ||
| 008 | 250222b |||||||| |||| 00| 0 eng d | ||
| 041 | _aeng | ||
| 082 |
_a028.726313 _bICA/TR |
||
| 100 |
_aICAR _92054 |
||
| 245 | _aTraining Course Manual on Improved Farm Machinery Under Front Line Demonstration | ||
| 260 |
_aBhopal: _bAgro Industrial Extension Division, Central Institute of Agricultural Engineering, _c1998. |
||
| 942 | _cBK | ||
| 999 |
_c19444 _d19444 |
||